Cómo se hace un atleta
Salvato in:
| Autore principale: | |
|---|---|
| Natura: | Libro |
| Lingua: | spagnolo |
| Pubblicazione: |
Barcelona
Sintes
1970
|
| Edizione: | 2a. ed |
| Serie: | Cultura Física y Deportes
|
| Soggetti: | |
| Tags: |
Aggiungi Tag
Nessun Tag, puoi essere il primo ad aggiungerne!!
|
MARC
| LEADER | 00000nam a2200000 a 4500 | ||
|---|---|---|---|
| 001 | UCU0155 | ||
| 003 | CL-VaPUC | ||
| 008 | 960315e19700000SP |||||||||||||||||spa|d | ||
| 082 | 0 | 4 | |a 796.4 |b SAR |2 21 |
| 100 | 0 | |a Sardu da Silva, Federico |e author |9 355168 | |
| 245 | 1 | 0 | |a Cómo se hace un atleta |
| 250 | |a 2a. ed | ||
| 300 | |a 188 p | ||
| 942 | |c BK | ||
| 945 | |d 19960315 00:00:00 |a paguirre | ||
| 260 | |a Barcelona |b Sintes |c 1970 | ||
| 650 | 0 | |a Atletismo |9 307422 | |
| 650 | 7 | |a DEPORTE |2 CL-VaPUC |9 355169 | |
| 650 | 7 | |a ENTRENAMIENTO ATLETICO |2 CL-VaPUC |9 355170 | |
| 650 | 0 | |a Métodos de aprendizaje |9 334464 | |
| 650 | 0 | |a Atletas |9 311809 | |
| 650 | 0 | |a Nutrición |9 259434 | |
| 583 | |a last modification |c 19960315 00:00:00 |k Rodrigo Vera | ||
| 490 | 0 | |a Cultura Física y Deportes | |
| 999 | |c 245098 |d 245096 | ||
| 952 | |0 0 |1 0 |4 0 |6 796_400000000000000_SAR_1970 |7 0 |8 P |9 259480 |a BIBEDU |b BIBEDU |c BIBEDU_PB |d 2019-11-19 |i 1631810 |o 796.4 SAR 1970 |p 1631810 |r 2024-01-25 |w 2019-11-19 |y BK |k EDU | ||